Countries & Clubs of FIFA World Cup 2022 Squads - Group C - Statistics

General Stats
  • This quiz has been taken 96 times
  • The average score is 11 of 22
Answer Stats
Answer % Correct
England
93%
Mexico
92%
Saudi Arabia
91%
Spain
90%
Italy
84%
Poland
75%
Atletico Madrid
66%
Al-Hilal
63%
Al-Nassr
63%
Juventus
61%
Club America
49%
Sevilla
48%
Aston Villa
41%
Netherlands
38%
Monterrey
33%
Ajax Amsterdam
30%
Real Betis
25%
Cruz Azul
23%
Guadalajara
23%
Villarreal
22%
Pachuca
19%
Al-Shabab
17%
No matching quizzes found
Score Distribution
Percent of People with Each Score
Percentile by Number Answered
Your Score History
You have not taken this quiz